Statistics for Every SEGA Console

Click here to take the quiz!

General Stats

  • This quiz has been taken 33 times
  • The average score is 4 of 14

Answer Stats

Years SoldConsole% Correct
1998-2009SEGA Dreamcast
77%
1985-1998SEGA Master System
73%
1994-2008SEGA Saturn
69%
1990-2001SEGA Game Gear
50%
1991-2003SEGA CD
42%
1988-1997SEGA Genesis Mega Drive
27%
1993-2004SEGA Pico
15%
1983-1992SEGA SG-1000
15%
1994-2003SEGA Genesis 32X
12%
2019-PresentSEGA Genesis Mini
12%
2005-2016SEGA Advanced Pico Beena
4%
1995-2006SEGA Genesis Nomad
4%
1994-2005SEGA Mega Jet
0%
1984-1992SEGA SG-1000 II
0%

Score Distribution

Percentile by Number Answered

Percent of People with Each Score

Your Score History

You have not taken this quiz